[Event "3rd Washington Chess Congress"]
[Site "Arlington, VA"]
[Date "2016.10.06"]
[Round "2"]
[White "Sadorra, Julio"]
[Black "Checa, Nicolas"]
[Result "1-0"]
[WhiteElo "2573"]
[BlackElo "2420"]
[PlyCount "71"]
[EventDate "2016.10.??"]
[EventType "swiss"]
[EventRounds "9"]
[EventCountry "USA"]

1. d4 d5 2. c4 c6 3. cxd5 cxd5 4. Bf4 Nc6 5. e3 Bf5 6. Nc3 e6 7. Qb3 Bb4 8. a3
Bxc3+ 9. bxc3 Qd7 10. Nf3 Nge7 11. Nh4 Bg6 12. Nxg6 Nxg6 13. Bg3 O-O 14. Rb1
Na5 15. Qb4 b6 16. Ba6 Ne7 17. O-O Rfd8 18. Bb5 Qb7 19. Bd3 Qd7 20. f3 Nf5 21.
Bf4 Nd6 22. e4 Ndc4 23. Rbe1 Nc6 24. Qb3 N6a5 25. Qb1 Nxa3 26. Qc1 N3c4 27. e5
Rdc8 28. Bg5 Nc6 29. f4 Ne7 30. g4 Na5 31. Rf3 h6 32. Bf6 gxf6 33. f5 exf5 34.
exf6 f4 35. Qxf4 Re8 36. Qxh6 1-0

[Event "3rd Washington Chess Congress"]
[Site "Arlington, VA"]
[Date "2016.10.06"]
[Round "2"]
[White "Orizondo, Hugo"]
[Black "Harper, Ryan"]
[Result "1/2-1/2"]
[WhiteElo "2050"]
[BlackElo "2207"]
[PlyCount "83"]
[EventDate "2016.10.??"]
[EventType "swiss"]
[EventRounds "9"]
[EventCountry "USA"]

1. d4 e6 2. c4 f5 3. Nf3 Nf6 4. g3 c6 5. Bg2 d5 6. O-O Bd6 7. Nc3 O-O 8. Qc2
Qe7 9. Rb1 a5 10. a3 b6 11. Na4 Bc7 12. cxd5 exd5 13. Bf4 Ne4 14. Bxc7 Qxc7 15.
Ne5 Ba6 16. Rfe1 Re8 17. Rbc1 Ra7 18. f3 Nd6 19. Nc3 Qd8 20. f4 Rae7 21. e3 Nc4
22. b3 Nxe5 23. fxe5 g6 24. b4 axb4 25. axb4 Bc4 26. Ne2 Na6 27. Qb2 Ra7 28.
Nf4 b5 29. Ra1 Qe7 30. Ra5 Rea8 31. Rea1 Nb8 32. Bf1 Rxa5 33. bxa5 Na6 34. Nd3
b4 35. Nf4 b3 36. Ra4 Bxf1 37. Kxf1 Qb7 38. Ra3 Rb8 39. Ne6 Qb5+ 40. Kg2 Nb4
41. Ra1 Kf7 42. Nf4 1/2-1/2

[Event "3rd Washington Chess Congress"]
[Site "Arlington, VA"]
[Date "2016.10.06"]
[Round "2"]
[White "Kadric, Denis"]
[Black "Balakrishnan, Praveen"]
[Result "0-1"]
[WhiteElo "2594"]
[BlackElo "2458"]
[PlyCount "138"]
[EventDate "2016.10.??"]
[EventType "swiss"]
[EventRounds "9"]
[EventCountry "USA"]

1. d3 d5 2. Nd2 e5 3. Ngf3 Bd6 4. e4 c6 5. g3 Nf6 6. Bg2 O-O 7. O-O Nbd7 8. Re1
Re8 9. b3 a5 10. a3 a4 11. b4 d4 12. Bb2 b5 13. c4 dxc3 14. Bxc3 c5 15. Qb1 Qb6
16. Qb2 Bb7 17. Nf1 cxb4 18. axb4 Rac8 19. Ne3 Rc7 20. Nf5 Rec8 21. Nxd6 Qxd6
22. Ra3 Re8 23. Bf1 h6 24. Raa1 Qe6 25. Ra3 Ba8 26. Qa1 Bb7 27. Bg2 Ba8 28. h3
Bb7 29. Kh2 Ba8 30. Re3 Bb7 31. Bf1 Ba8 32. Re1 Bb7 33. Kg1 Ba8 34. Kh2 Bb7 35.
Bg2 Ba8 36. Rd1 Bb7 37. Rd2 Ba8 38. Kh1 Rec8 39. Kh2 Re8 40. Re2 Bb7 41. Re3
Ba8 42. Bf1 Bb7 43. Qe1 Rec8 44. Be2 Ba8 45. Qa1 Re8 46. Bd1 Bb7 47. Be2 Ba8
48. Qb2 Bb7 49. Bf1 Ba8 50. Nd2 Qd6 51. Nf3 Qe6 52. Bg2 Bb7 53. Ng1 Qd6 54. Ne2
Nb6 55. f4 Nfd7 56. Ra1 Rcc8 57. Rf3 f5 58. fxe5 Nxe5 59. Qa2+ Kh7 60. Rxf5
Nxd3 61. Rf7 Re7 62. Raf1 Rcc7 63. Bxg7 Bd5 64. e5 Rxf7 65. exd6 Bxa2 66. dxc7
Rxf1 67. Bxf1 Kxg7 68. Nc3 Bc4 69. Bg2 a3 0-1

[Event "3rd Washington Chess Congress"]
[Site "Arlington, VA"]
[Date "2016.10.06"]
[Round "2"]
[White "Yu, Jennifer"]
[Black "Popilski, Gil"]
[Result "0-1"]
[WhiteElo "2209"]
[BlackElo "2564"]
[PlyCount "86"]
[EventDate "2016.10.??"]
[EventType "swiss"]
[EventRounds "9"]
[EventCountry "USA"]

1. c4 e5 2. Nc3 Nf6 3. Nf3 d6 4. d4 Nbd7 5. Bg5 c6 6. e3 Be7 7. Be2 O-O 8. O-O
Ne8 9. Bxe7 Qxe7 10. d5 c5 11. e4 g6 12. Ne1 Ng7 13. a3 f5 14. b4 b6 15. Rb1
Nf6 16. Bd3 f4 17. a4 cxb4 18. Rxb4 Nd7 19. Be2 Nc5 20. Nd3 Nb7 21. Qd2 Bd7 22.
Rfb1 g5 23. h3 Ne8 24. Bg4 Bxg4 25. hxg4 Nf6 26. f3 h5 27. gxh5 Nxh5 28. Nf2
Nf6 29. Kf1 Kg7 30. Ke2 Rh8 31. Rg1 Rh2 32. Kd3 Qc7 33. Kc2 Qc5 34. Nb5 Na5 35.
Na3 g4 36. fxg4 Nxg4 37. Nxg4 Qxg1 38. Rb1 Qxg2 39. Qxg2 Rxg2+ 40. Kc3 Rf8 41.
Nb5 f3 42. Nxd6 Rxg4 43. Rf1 Rff4 0-1

[Event "3rd Washington Chess Congress"]
[Site "Arlington, VA"]
[Date "2016.10.06"]
[Round "2"]
[White "Li, Ruifeng"]
[Black "Mulyar, Michael"]
[Result "1-0"]
[WhiteElo "2538"]
[BlackElo "2406"]
[PlyCount "103"]
[EventDate "2016.10.??"]
[EventType "swiss"]
[EventRounds "9"]
[EventCountry "USA"]

1. e4 e5 2. Nf3 Nc6 3. Bc4 Bc5 4. c3 Nf6 5. d3 O-O 6. Nbd2 d5 7. exd5 Nxd5 8.
Ne4 Bb6 9. O-O f6 10. b4 Be6 11. a4 a6 12. a5 Ba7 13. Be3 Bf7 14. Bxa7 Nxa7 15.
d4 exd4 16. Nxd4 Nb5 17. Bxb5 axb5 18. Qf3 Nxb4 19. Nxb5 Nc6 20. Nc5 Nxa5 21.
Rad1 Qe7 22. Nd7 Rfe8 23. Nxc7 Bc4 24. Nxa8 Bxf1 25. Qd5+ Kh8 26. Rxf1 Rxa8 27.
Nb6 Ra6 28. Rd1 h6 29. Nc8 Qe6 30. Qd8+ Qg8 31. h4 Ra8 32. Qxg8+ Kxg8 33. Ne7+
Kf7 34. Nf5 h5 35. Ng3 Rc8 36. Nxh5 g6 37. Nf4 Rxc3 38. Rd7+ Ke8 39. Rd5 Nb3
40. Nxg6 Nc5 41. h5 Kf7 42. Nf4 b5 43. Rd6 b4 44. Nd5 Rc1+ 45. Kh2 Ne4 46. Rb6
Rc5 47. Rb7+ Ke6 48. Nf4+ Kf5 49. Nd3 Rc3 50. Rb5+ Kg4 51. f3+ Kh4 52. Nf4 1-0

[Event "3rd Washington Chess Congress"]
[Site "Arlington, VA"]
[Date "2016.10.06"]
[Round "2"]
[White "Gorti, Akshita"]
[Black "McKinney, Christopher"]
[Result "1-0"]
[WhiteElo "2182"]
[BlackElo "1993"]
[PlyCount "85"]
[EventDate "2016.10.??"]
[EventType "swiss"]
[EventRounds "9"]
[EventCountry "USA"]

1. d4 c6 2. c4 d5 3. Nf3 Nf6 4. e3 g6 5. Nc3 Bg7 6. Be2 O-O 7. O-O Nbd7 8. b3
Re8 9. Bb2 Nf8 10. Rc1 Bf5 11. Ne5 h5 12. f4 e6 13. c5 N8d7 14. b4 Nxe5 15.
dxe5 Nd7 16. Bd3 f6 17. exf6 Nxf6 18. Na4 Ng4 19. Qd2 Bxb2 20. Nxb2 Qf6 21. Nd1
e5 22. Bxf5 Qxf5 23. h3 Nf6 24. Nc3 Rad8 25. fxe5 Qxe5 26. Rf4 Nh7 27. Nd1 Ng5
28. Qd3 Kg7 29. b5 Ne6 30. Ra4 Qg3 31. Rxa7 Kh6 32. Nf2 Nf4 33. exf4 Re3 34.
Qd4 Rde8 35. Rf1 Rf3 36. Rxb7 Rxf4 37. Qd2 Re3 38. bxc6 g5 39. c7 Rf8 40. Rb6+
Kh7 41. Qc2+ Kh8 42. Rh6+ Kg7 43. Qg6# 1-0

[Event "3rd Washington Chess Congress"]
[Site "Arlington, VA"]
[Date "2016.10.06"]
[Round "2"]
[White "Yagiz, Bora"]
[Black "Guo, Arthur"]
[Result "0-1"]
[WhiteElo "1913"]
[BlackElo "2168"]
[PlyCount "57"]
[EventDate "2016.10.??"]
[EventType "swiss"]
[EventRounds "9"]
[EventCountry "USA"]

1. e4 c5 2. Nf3 d6 3. Bb5+ Nd7 4. O-O Ngf6 5. Re1 a6 6. Bf1 g6 7. c3 Bg7 8. d4
cxd4 9. cxd4 O-O 10. a4 b6 11. Nc3 Bb7 12. Bd3 e5 13. d5 Nc5 14. Bb1 Bc8 15. b4
Nb7 16. Nd2 Bd7 17. Ra3 a5 18. b5 Rc8 19. Bd3 Nc5 20. Bf1 Ne8 21. Nc4 f5 22. f3
Rb8 23. Be3 Qc7 24. Kh1 f4 25. Bg1 h5 26. Ra2 Rc8 27. Qc2 Qd8 28. Qf2 g5 29.
Nb1 0-1

[Event "3rd Washington Chess Congress"]
[Site "Arlington, VA"]
[Date "2016.10.06"]
[Round "2"]
[White "Aiken, Richard"]
[Black "Jaquez, Juan"]
[Result "0-1"]
[WhiteElo "1974"]
[BlackElo "2188"]
[PlyCount "92"]
[EventDate "2016.10.??"]
[EventType "swiss"]
[EventRounds "9"]
[EventCountry "USA"]

1. d4 Nf6 2. c4 e6 3. Nc3 Bb4 4. Qc2 c5 5. Nf3 b6 6. e3 Bb7 7. Bd2 O-O 8. Bd3
d5 9. cxd5 exd5 10. O-O c4 11. Bf5 g6 12. Bh3 Nc6 13. b3 cxb3 14. axb3 Qe7 15.
Nb5 Bxd2 16. Nxd2 a6 17. Nc3 Nb4 18. Qd1 b5 19. Na2 Bc8 20. Nxb4 Qxb4 21. Qe2
Bxh3 22. gxh3 Rfc8 23. Rfc1 Rc3 24. Rxc3 Qxc3 25. Qd1 Qd3 26. Qc1 Kg7 27. Ra2
Qf5 28. Qf1 h5 29. Qg2 a5 30. Qf3 Qd3 31. Qd1 Qf5 32. Qf3 Qe6 33. Kg2 b4 34.
Nc4 Rc8 35. Ne5 Qb6 36. Qd1 Ne4 37. Qa1 Ra8 38. Rc2 Nc3 39. Nd7 Qd8 40. Nc5
Qg5+ 41. Kh1 Qf5 42. Qb2 Qxh3 43. Kg1 Qg4+ 44. Kf1 Qf3 45. Kg1 h4 46. Nd3 Qd1+
0-1

[Event "3rd Washington Chess Congress"]
[Site "Arlington, VA"]
[Date "2016.10.06"]
[Round "2"]
[White "Wegerle, Joerg"]
[Black "Stukopin, Andrey"]
[Result "0-1"]
[WhiteElo "2442"]
[BlackElo "2596"]
[PlyCount "57"]
[EventDate "2016.10.??"]
[EventType "swiss"]
[EventRounds "9"]
[EventCountry "USA"]

1. e4 c5 2. c3 d6 3. d4 Nf6 4. Bd3 Nc6 5. dxc5 dxc5 6. Qe2 a6 7. Bf4 e5 8. Bg5
b5 9. a4 c4 10. Bc2 Rb8 11. axb5 axb5 12. Nf3 h6 13. Be3 Ng4 14. O-O Nxe3 15.
Qxe3 Be6 16. Nbd2 Bd6 17. Rfd1 O-O 18. b4 Qc7 19. Nf1 Ra8 20. Qd2 Rxa1 21. Rxa1
Rd8 22. Qe1 Qe7 23. Ne3 Bb8 24. Nd2 Nd4 25. Bd1 Nb3 26. Bxb3 cxb3 27. Rb1 Ba7
28. Nxb3 Bxb3 29. Rxb3 0-1

[Event "3rd Washington Chess Congress"]
[Site "Arlington, VA"]
[Date "2016.10.06"]
[Round "3"]
[White "Fellman, Mike"]
[Black "Harper, Ryan"]
[Result "1-0"]
[WhiteElo "2031"]
[BlackElo "2207"]
[PlyCount "108"]
[EventDate "2016.10.??"]
[EventType "swiss"]
[EventRounds "9"]
[EventCountry "USA"]

1. d4 Nf6 2. c4 c5 3. d5 b5 4. cxb5 a6 5. bxa6 g6 6. Nc3 Bg7 7. e4 d6 8. Nf3
Qa5 9. a7 Nbd7 10. Bd2 Qxa7 11. Be2 Ba6 12. O-O O-O 13. Rb1 Ng4 14. h3 Nge5 15.
Nxe5 Nxe5 16. a4 Nc4 17. Be1 f5 18. exf5 Rxf5 19. Nb5 Bxb5 20. axb5 Nxb2 21.
Qc1 Qa3 22. Bg4 Rff8 23. Be6+ Kh8 24. Bd2 Nd3 25. Qxa3 Rxa3 26. b6 Bf6 27. b7
Rb8 28. Bc8 c4 29. Be3 Nc5 30. Bxc5 dxc5 31. Rfc1 Rb3 32. Rxb3 cxb3 33. Rxc5 b2
34. Rb5 Kg7 35. Kf1 Kf7 36. Ke2 Ke8 37. Kd3 Kd8 38. Kc2 Kc7 39. Kd3 Kd6 40. Ke4
Kc7 41. g3 Kd6 42. h4 h6 43. f4 Kc7 44. h5 gxh5 45. Kf5 Kd6 46. Kg6 h4 47. gxh4
Bxh4 48. Rxb2 Kxd5 49. Kxh6 Bf6 50. Kg6 Bh4 51. Re2 Kc5 52. f5 Kd6 53. Re6+ Kd5
54. Rxe7 Kd6 1-0

[Event "3rd Washington Chess Congress"]
[Site "Arlington, VA"]
[Date "2016.10.06"]
[Round "3"]
[White "Stukopin, Andrey"]
[Black "Li, Ruifeng"]
[Result "1/2-1/2"]
[WhiteElo "2596"]
[BlackElo "2538"]
[PlyCount "112"]
[EventDate "2016.10.??"]
[EventType "swiss"]
[EventRounds "9"]
[EventCountry "USA"]

1. e4 c5 2. Nc3 Nc6 3. Nf3 g6 4. d4 cxd4 5. Nxd4 Bg7 6. Be3 Nf6 7. Bc4 O-O 8.
Bb3 d6 9. f3 Bd7 10. Qd2 Na5 11. g4 Nxb3 12. axb3 a5 13. Bh6 e5 14. Bxg7 Kxg7
15. Nde2 Ra6 16. Ng3 b5 17. h4 b4 18. Nd1 Ne8 19. h5 g5 20. h6+ Kh8 21. Ne3 Nc7
22. Kf2 Be6 23. Rhd1 Qf6 24. Ngf5 Rd8 25. Qe2 Raa8 26. Nxd6 Qxh6 27. Rh1 Qf8
28. Nb7 Rd4 29. Kg3 f6 30. Rxa5 Rxa5 31. Nxa5 Rd7 32. Nac4 Nb5 33. Nb6 Nd4 34.
Qh2 Ra7 35. Nbd5 Bxd5 36. Nxd5 Ne6 37. Qh6 Qxh6 38. Rxh6 Nf4 39. Rxf6 Ra1 40.
Nxf4 exf4+ 41. Kf2 Rh1 42. Rc6 Rh2+ 43. Kg1 Rd2 44. Rc7 Kg8 45. Kf1 h6 46. Rc4
Kf7 47. Ke1 Rh2 48. Rxb4 Rxc2 49. Rd4 Rxb2 50. Rd3 Ke6 51. Kd1 Rh2 52. Kc1 h5
53. gxh5 Rxh5 54. Kd2 Rh2+ 55. Kc3 g4 56. fxg4 Ke5 1/2-1/2

[Event "3rd Washington Chess Congress"]
[Site "Arlington, VA"]
[Date "2016.10.06"]
[Round "3"]
[White "Berczes, David"]
[Black "Sadorra, Julio"]
[Result "1/2-1/2"]
[WhiteElo "2478"]
[BlackElo "2573"]
[PlyCount "56"]
[EventDate "2016.10.??"]
[EventType "swiss"]
[EventRounds "9"]
[EventCountry "USA"]

1. e4 c5 2. Nc3 Nc6 3. Nge2 e6 4. d4 cxd4 5. Nxd4 Qc7 6. Qd3 a6 7. Nxc6 Qxc6 8.
Be2 Qc7 9. Qg3 Bd6 10. f4 Ne7 11. Bd2 O-O 12. e5 Bb4 13. O-O-O f5 14. exf6 Rxf6
15. Kb1 d5 16. Bd3 Bd7 17. Qh4 Nf5 18. Bxf5 Rxf5 19. Nxd5 exd5 20. Bxb4 Rxf4
21. Qg3 Rc8 22. Bc3 Be6 23. Rhe1 Re4 24. Qxc7 Rxc7 25. Kc1 h6 26. Rxe4 dxe4 27.
Rd4 Bxa2 28. Rxe4 Bd5 1/2-1/2

[Event "3rd Washington Chess Congress"]
[Site "Arlington, VA"]
[Date "2016.10.06"]
[Round "3"]
[White "Gorti, Akshita"]
[Black "Wang, Wesley"]
[Result "0-1"]
[WhiteElo "2182"]
[BlackElo "2076"]
[PlyCount "46"]
[EventDate "2016.10.??"]
[EventType "swiss"]
[EventRounds "9"]
[EventCountry "USA"]

1. d4 d6 2. Nf3 g6 3. g3 Bg7 4. Bg2 Nd7 5. c4 Nh6 6. O-O O-O 7. Nc3 e5 8. e4 c6
9. h3 f5 10. Bg5 Qe8 11. dxe5 dxe5 12. Qd2 Nf7 13. Be3 Qe7 14. Rad1 Nc5 15. b4
Ne6 16. Qb2 f4 17. Bd2 Nfg5 18. Nxg5 Nxg5 19. h4 Ne6 20. Rfe1 Nd4 21. c5 Bg4
22. Rc1 Rad8 23. a4 Qf7 0-1

[Event "3rd Washington Chess Congress"]
[Site "Arlington, VA"]
[Date "2016.10.06"]
[Round "3"]
[White "Guo, Arthur"]
[Black "Kadric, Denis"]
[Result "0-1"]
[WhiteElo "2168"]
[BlackElo "2594"]
[PlyCount "91"]
[EventDate "2016.10.??"]
[EventType "swiss"]
[EventRounds "9"]
[EventCountry "USA"]

1. e4 c5 2. Nf3 e6 3. d4 cxd4 4. Nxd4 Nc6 5. Nc3 Qc7 6. g3 a6 7. Bg2 h5 8. O-O
h4 9. Nb3 d6 10. Be3 Nf6 11. Re1 Be7 12. Nd2 Ne5 13. Qe2 Bd7 14. a4 Neg4 15.
Bf4 hxg3 16. hxg3 Qc5 17. Nf1 Qh5 18. Rad1 e5 19. Be3 Rc8 20. Rd2 Qh7 21. Bg5
Qg6 22. Bxf6 Nxf6 23. Ne3 Qh7 24. Qf3 Be6 25. Nf5 Rc6 26. Nd5 Nxe4 27. Nxg7+
Qxg7 28. Qxe4 Bg5 29. Rdd1 Qh6 30. c3 Rc5 31. b4 f5 32. Qd3 e4 33. Bxe4 fxe4
34. Qxe4 Qh2+ 35. Kf1 Qh1+ 36. Qxh1 Rxh1+ 37. Kg2 Rxe1 38. Rxe1 Rxd5 39. Rxe6+
Kf7 40. Re4 Bf6 41. Rc4 Re5 42. Kf3 Re7 43. Kf4 Ke6 44. Rc8 Kd7 45. Rf8 Bxc3
46. b5 0-1

[Event "3rd Washington Chess Congress"]
[Site "Arlington, VA"]
[Date "2016.10.06"]
[Round "3"]
[White "Brodsky, David"]
[Black "Wang, Wesley"]
[Result "1/2-1/2"]
[WhiteElo "2277"]
[BlackElo "2076"]
[PlyCount "48"]
[EventDate "2016.10.??"]
[EventType "swiss"]
[EventRounds "9"]
[EventCountry "USA"]

1. d4 Nf6 2. c4 c5 3. d5 b5 4. cxb5 a6 5. bxa6 g6 6. Nc3 Bg7 7. e4 O-O 8. a7
Rxa7 9. Nf3 Ba6 10. Bxa6 Nxa6 11. O-O d6 12. a4 Rb7 13. Ra3 Qa5 14. Re1 Nc7 15.
Rb3 Rfb8 16. Rxb7 Rxb7 17. e5 Nd7 18. exd6 exd6 19. Re7 Nb6 20. Ng5 Bxc3 21.
Qf3 f5 22. bxc3 Qxa4 23. Rxh7 Qc2 24. Rh8+ Kg7 1/2-1/2

[Event "3rd Washington Chess Congress"]
[Site "Arlington, VA"]
[Date "2016.10.06"]
[Round "3"]
[White "Zhang, Yuanchen"]
[Black "Heidari, Ako"]
[Result "1-0"]
[WhiteElo "2289"]
[BlackElo "1799"]
[PlyCount "137"]
[EventDate "2016.10.??"]
[EventType "swiss"]
[EventRounds "9"]
[EventCountry "USA"]

1. e4 e5 2. Nf3 Nc6 3. d4 exd4 4. Nxd4 Nf6 5. Nxc6 bxc6 6. e5 Qe7 7. Qe2 Nd5 8.
c4 Nb6 9. Nd2 g6 10. Ne4 Bg7 11. Bg5 Qb4+ 12. Qd2 Qxd2+ 13. Kxd2 O-O 14. Nf6+
Kh8 15. c5 Nd5 16. Nxd5 cxd5 17. Bf6 Rb8 18. b3 Re8 19. Bxg7+ Kxg7 20. Re1 Re6
21. Bd3 Ba6 22. Re2 Bxd3 23. Kxd3 h6 24. f4 Rb4 25. g3 f5 26. Rd1 c6 27. Kc3
Re4 28. Rxe4 fxe4 29. b4 Re8 30. b5 Rb8 31. a4 Kf7 32. Rb1 cxb5 33. axb5 Rc8
34. Kd4 Ke6 35. b6 axb6 36. Rxb6+ Rc6 37. g4 h5 38. h3 h4 39. Rb5 Rc8 40. Rb6+
Rc6 41. Rb8 Rc7 42. Rg8 Kf7 43. Ra8 Rb7 44. Ra3 Ke6 45. Ra6+ Ke7 46. Kxd5 Rb4
47. Ra3 e3 48. Rxe3 Rxf4 49. e6 Rf1 50. exd7+ Kxd7 51. Ra3 Rd1+ 52. Ke5 Rf1 53.
Kd5 Rd1+ 54. Ke4 Rc1 55. Kd4 Rh1 56. Rf3 Rd1+ 57. Ke5 Ke7 58. Rc3 Re1+ 59. Kf4
Kf6 60. g5+ Kf7 61. c6 Re8 62. c7 Rc8 63. Rc6 Kg7 64. Kg4 Kh7 65. Kxh4 Kg7 66.
Kg4 Kh7 67. Kf4 Kg7 68. Ke5 Kf7 69. Kd6 1-0

[Event "3rd Washington Chess Congress"]
[Site "Arlington, VA"]
[Date "2016.10.06"]
[Round "3"]
[White "Balakrishnan, Praveen"]
[Black "Aponte, Felix Ynojosa"]
[Result "0-1"]
[WhiteElo "2458"]
[BlackElo "2410"]
[PlyCount "118"]
[EventDate "2016.10.??"]
[EventType "swiss"]
[EventRounds "9"]
[EventCountry "USA"]

1. e4 c5 2. Nf3 Nc6 3. Nc3 e5 4. Bc4 Be7 5. d3 Nf6 6. O-O O-O 7. a3 d6 8. h3
Be6 9. Nd5 h6 10. Nh2 a6 11. f4 exf4 12. Bxf4 b5 13. Ba2 Bxd5 14. exd5 Ne5 15.
Bxe5 dxe5 16. Ng4 Qd6 17. Nf2 Rad8 18. c4 Nh7 19. Ne4 Qb8 20. cxb5 axb5 21. d6
Bxd6 22. Qh5 Qa7 23. Kh1 Bb8 24. Rf3 Rd4 25. Ng3 Rf4 26. Nf5 Kh8 27. Rxf4 exf4
28. Qg4 Be5 29. Re1 Bxb2 30. Nd6 c4 31. Qxf4 Qxa3 32. Bb1 cxd3 33. Rd1 Qb3 34.
Rxd3 Qe6 35. Qd2 Be5 36. Nxb5 Ng5 37. Rd8 Qe7 38. Rxf8+ Qxf8 39. Qd3 g6 40. Qe2
Qc5 41. Bd3 Ne6 42. Qc2 Qe3 43. Qe2 Qg3 44. Kg1 Qh2+ 45. Kf2 Bg3+ 46. Ke3 Bh4
47. Kd2 Bg5+ 48. Kc2 Qf4 49. Kb1 Qc1+ 50. Ka2 Bf6 51. Qc2 Qa1+ 52. Kb3 Kg7 53.
Be4 Qg1 54. Bd5 Qe3+ 55. Ka2 Nc5 56. Bc4 Qe5 57. Qc1 Qe4 58. Ka3 Qxg2 59. Bxf7
Qa8+ 0-1

[Event "3rd Washington Chess Congress"]
[Site "Arlington, VA"]
[Date "2016.10.06"]
[Round "3"]
[White "Ramanathan, Suraj"]
[Black "Aiken, Richard"]
[Result "0-1"]
[WhiteElo "1672"]
[BlackElo "1974"]
[PlyCount "100"]
[EventDate "2016.10.??"]
[EventType "swiss"]
[EventRounds "9"]
[EventCountry "USA"]

1. d4 d5 2. c4 e6 3. Nc3 Nf6 4. Bg5 Be7 5. e3 Nbd7 6. Nf3 O-O 7. Rc1 c6 8. Bd3
Re8 9. O-O Nf8 10. e4 Nxe4 11. Nxe4 dxe4 12. Bxe7 Qxe7 13. Bxe4 c5 14. Qe2 Rb8
15. Rfd1 Ng6 16. Qe3 b6 17. Bc6 Rd8 18. dxc5 Rxd1+ 19. Rxd1 bxc5 20. b3 Rb6 21.
Be4 Rd6 22. Rd2 Rxd2 23. Nxd2 Qd6 24. g3 f5 25. Bc2 Bb7 26. Nf3 Qc6 27. Bd1 e5
28. Qg5 Qd7 29. Be2 e4 30. Ne1 f4 31. Qg4 Qd2 32. Qe6+ Kf8 33. Qf5+ Ke8 34.
Qe6+ Ne7 35. Kf1 f3 36. Bxf3 exf3 37. Qe5 Qe2+ 38. Qxe2 fxe2+ 39. Kxe2 Be4 40.
Kd2 Nc6 41. f3 Bg6 42. a3 Ke7 43. Kc3 a5 44. Ng2 Kd6 45. Ne3 Nd4 46. f4 Be4 47.
b4 a4 48. Nd1 Nc2 49. Nb2 cxb4+ 50. Kd2 bxa3 0-1

[Event "3rd Washington Chess Congress"]
[Site "Arlington, VA"]
[Date "2016.10.06"]
[Round "3"]
[White "Huang, Andy"]
[Black "Orizondo, Hugo"]
[Result "1-0"]
[WhiteElo "2152"]
[BlackElo "2050"]
[PlyCount "87"]
[EventDate "2016.10.??"]
[EventType "swiss"]
[EventRounds "9"]
[EventCountry "USA"]

1. e4 e5 2. Nf3 Nc6 3. Bb5 a6 4. Ba4 Nf6 5. Qe2 b5 6. Bb3 Be7 7. c3 O-O 8. O-O
d6 9. Rd1 Na5 10. Bc2 c5 11. d4 Qc7 12. d5 c4 13. b4 cxb3 14. axb3 Bd7 15. Ba3
Bg4 16. h3 Bxf3 17. Qxf3 Nb7 18. Rc1 Rfc8 19. b4 Nd7 20. Bd3 Nb6 21. g3 Qd7 22.
h4 Nc4 23. Qe2 g6 24. Nd2 Qc7 25. Ra2 a5 26. Bxc4 bxc4 27. b5 a4 28. Rb1 Na5
29. Rb4 Qb6 30. Nxc4 Nxc4 31. Rxc4 Rxc4 32. Qxc4 Ra5 33. Rb2 Ra8 34. Qc6 Rb8
35. Rb4 h5 36. Qxb6 Rxb6 37. c4 g5 38. hxg5 Bxg5 39. Rxa4 h4 40. Ra6 Rb8 41.
Bxd6 Rc8 42. Rc6 Ra8 43. Bxe5 hxg3 44. Bxg3 1-0

[Event "3rd Washington Chess Congress"]
[Site "Arlington, VA"]
[Date "2016.10.06"]
[Round "3"]
[White "Balkhamishvili, Tamara"]
[Black "De Fotis, Gary"]
[Result "0-1"]
[WhiteElo "2058"]
[BlackElo "1959"]
[PlyCount "52"]
[EventDate "2016.10.??"]
[EventType "swiss"]
[EventRounds "9"]
[EventCountry "USA"]

1. e4 c5 2. Nf3 d6 3. d4 cxd4 4. Nxd4 Nf6 5. Nc3 a6 6. Bc4 e6 7. Bb3 b5 8. O-O
Be7 9. Re1 O-O 10. g4 b4 11. Na4 Bb7 12. f3 Nbd7 13. c4 Rc8 14. Be3 Ne5 15. Rc1
Nfd7 16. Qe2 Qa5 17. Bc2 Nxc4 18. Bf2 Bg5 19. Rcd1 Qe5 20. Bg3 Bf4 21. Bxf4
Qxf4 22. b3 Nce5 23. Qf2 Rc7 24. Re3 Rfc8 25. Ne2 Qf6 26. Bb1 d5 0-1

[Event "3rd Washington Chess Congress"]
[Site "Arlington, VA"]
[Date "2016.10.06"]
[Round "3"]
[White "Lowinger, Daniel"]
[Black "Wegerle, Joerg"]
[Result "0-1"]
[WhiteElo "2115"]
[BlackElo "2442"]
[PlyCount "76"]
[EventDate "2016.10.??"]
[EventType "swiss"]
[EventRounds "9"]
[EventCountry "USA"]

1. e4 c5 2. Nf3 a6 3. c3 e6 4. d4 d5 5. e5 Bd7 6. dxc5 Bxc5 7. Bd3 Nc6 8. O-O
Nge7 9. Qe2 Ng6 10. g3 O-O 11. Bg5 Qc7 12. Re1 Rac8 13. Kg2 h6 14. Bc1 Nce7 15.
b4 Bb6 16. h4 f6 17. exf6 Rxf6 18. h5 Rxf3 19. Qxf3 Rf8 20. hxg6 Rxf3 21. Kxf3
e5 22. Kg2 e4 23. Bc2 Nxg6 24. Bb3 Be6 25. Be3 Ne5 26. Nd2 Nd3 27. Nxe4 Nxe1+
28. Rxe1 Bxe3 29. Rxe3 Qc6 30. f3 dxe4 31. fxe4 Bxb3 32. axb3 Qe6 33. c4 Qb6
34. Kf3 Qxb4 35. e5 Kf7 36. e6+ Ke7 37. Kf4 Qd2 38. Kf3 h5 0-1

[Event "3rd Washington Chess Congress"]
[Site "Arlington, VA"]
[Date "2016.10.06"]
[Round "3"]
[White "Checa, Nicolas"]
[Black "Ulrich, Rachel"]
[Result "1-0"]
[WhiteElo "2420"]
[BlackElo "2114"]
[PlyCount "61"]
[EventDate "2016.10.??"]
[EventType "swiss"]
[EventRounds "9"]
[EventCountry "USA"]

1. d4 d5 2. Nf3 Nf6 3. c4 c6 4. g3 e6 5. Bg2 dxc4 6. O-O b5 7. Ne5 Bb7 8. Nc3
Qb6 9. e4 Be7 10. Be3 Qc7 11. Bf4 Qb6 12. b3 cxb3 13. Qxb3 O-O 14. d5 c5 15.
Nxb5 a6 16. Nc3 Qxb3 17. axb3 Nbd7 18. Nc4 Rac8 19. Bd6 Bxd6 20. Nxd6 Rb8 21.
dxe6 fxe6 22. Bh3 Rfd8 23. Bxe6+ Kf8 24. Nxb7 Rxb7 25. Rxa6 Ke7 26. Nd5+ Nxd5
27. Bxd5 Rb4 28. Rc1 Rc8 29. Ra7 Kd6 30. Bc4 Ne5 31. Rd1+ 1-0

[Event "3rd Washington Chess Congress"]
[Site "Arlington, VA"]
[Date "2016.10.06"]
[Round "3"]
[White "Mulyar, Michael"]
[Black "Jian, Alex"]
[Result "1-0"]
[WhiteElo "2406"]
[BlackElo "2037"]
[PlyCount "59"]
[EventDate "2016.10.??"]
[EventType "swiss"]
[EventRounds "9"]
[EventCountry "USA"]

1. Nf3 Nf6 2. c4 e6 3. g3 d5 4. d4 dxc4 5. Bg2 c5 6. Qa4+ Nbd7 7. Qxc4 a6 8.
Qc2 b5 9. dxc5 Bxc5 10. Ne5 Qc7 11. Bxa8 Nxe5 12. Be3 Bb4+ 13. Nc3 Nc4 14. Bd2
O-O 15. O-O e5 16. Nxb5 Qc5 17. Bxb4 Qxb4 18. Na3 Nd6 19. Bg2 Bf5 20. Qb3 Qg4
21. Rad1 Be6 22. Qb6 Nf5 23. Rd8 Nd7 24. Rxf8+ Nxf8 25. Qxa6 Nd4 26. Re1 Bxa2
27. h3 Qg6 28. Qxg6 Nxg6 29. e3 Ne6 30. Rc1 1-0

[Event "3rd Washington Chess Congress"]
[Site "Arlington, VA"]
[Date "2016.10.06"]
[Round "3"]
[White "Sena, Juan"]
[Black "Yu, Jennifer"]
[Result "0-1"]
[WhiteElo "2086"]
[BlackElo "2209"]
[PlyCount "48"]
[EventDate "2016.10.??"]
[EventType "swiss"]
[EventRounds "9"]
[EventCountry "USA"]

1. Nf3 d5 2. g3 c5 3. Bg2 Nf6 4. O-O Nc6 5. d3 g6 6. Nc3 Bg7 7. Bd2 O-O 8. a3
b6 9. Rb1 Bb7 10. Na4 d4 11. c4 dxc3 12. bxc3 Qd7 13. Qc2 Rad8 14. c4 Rfe8 15.
Rfd1 h6 16. Nc3 e5 17. Qc1 Kh7 18. Nd5 Nxd5 19. cxd5 Nd4 20. Nxd4 exd4 21. e4
dxe3 22. fxe3 Bxd5 23. e4 Ba2 24. Rb2 Qd4+ 0-1